[Event "Doeberl Cup 2008"]
[Site "Canberra AUS"]
[Date "2008.03.20"]
[Round "1.1"]
[White "Stojic, Dusan"]
[Black "Zhang, Zhong"]
[Result "0-1"]
[WhiteElo "2155"]
[BlackElo "2617"]
[PlyCount "72"]
[EventDate "2008.03.20"]
[EventType "swiss"]
[EventRounds "9"]
[EventCountry "AUS"]
[Source "lmi"]
[SourceDate "2008.03.20"]

1. e4 e5 2. Nf3 Nc6 3. Bb5 a6 4. Ba4 Nf6 5. O-O Be7 6. Re1 b5 7. Bb3 O-O 8. h3
d6 9. c3 Na5 10. Bc2 c5 11. d4 Qc7 12. Nbd2 cxd4 13. cxd4 Rd8 14. Nf1 exd4 15.
Nxd4 d5 16. e5 Ne4 17. f3 Ng5 18. Nf5 Bxf5 19. Bxf5 g6 20. Bd3 Nc4 21. Qe2 Ne6
22. f4 Rac8 23. b3 Qb6+ 24. Kh1 Qd4 25. bxc4 Qxa1 26. Be3 Qc3 27. cxd5 Rxd5 28.
Rc1 Qxc1 29. Bxc1 Rxc1 30. g3 Nc5 31. Bc2 Ra1 32. h4 Rxa2 33. h5 Rd4 34. hxg6
hxg6 35. Ne3 Ne4 36. Kg2 Rd2 0-1

[Event "Doeberl Cup 2008"]
[Site "Canberra AUS"]
[Date "2008.03.20"]
[Round "1.3"]
[White "Illingworth, Max"]
[Black "Akobian, Varuzhan"]
[Result "1/2-1/2"]
[WhiteElo "2152"]
[BlackElo "2599"]
[PlyCount "153"]
[EventDate "2008.03.20"]
[EventType "swiss"]
[EventRounds "9"]
[EventCountry "AUS"]
[Source "lmi"]
[SourceDate "2008.03.20"]

1. d4 Nf6 2. c4 e6 3. Nc3 Bb4 4. e3 b6 5. Nge2 Bb7 6. a3 Bxc3+ 7. Nxc3 O-O 8.
Bd3 d5 9. O-O Nbd7 10. cxd5 exd5 11. b4 Ne4 12. Qc2 Re8 13. f3 Nxc3 14. Bxh7+
Kf8 15. Bd3 Ne4 16. fxe4 dxe4 17. Bc4 Nf6 18. Bd2 Bd5 19. Be2 Qd7 20. Rf4 Re6
21. Raf1 Kg8 22. g4 Rc6 23. Qd1 Nh7 24. h4 Rf6 25. g5 Rxf4 26. Rxf4 Nf8 27. Qe1
Ng6 28. Rg4 Be6 29. Rg2 Bh3 30. Rh2 Bg4 31. h5 Bxe2 32. Qxe2 Nf8 33. Be1 Rd8
34. Rh4 Ne6 35. Qg2 Qd5 36. Rxe4 Qxg5 37. Re5 Qxg2+ 38. Kxg2 c6 39. Kf3 a6 40.
Ke4 Nc7 41. Bd2 Rd7 42. a4 f6 43. Rf5 Kf7 44. Kd3 Rd5 45. e4 Rxf5 46. exf5 Nd5
47. Ke4 Ke7 48. Be1 Kd7 49. Bh4 Ke7 50. Be1 Ke8 51. Bd2 Kd7 52. Be1 Ke7 53. Bd2
Kd6 54. Be1 Kd7 55. Bd2 b5 56. a5 Ke7 57. Kf3 Ke8 58. Ke4 Kd7 59. Kf3 Ne7 60.
Ke4 Nd5 61. Kf3 Ke8 62. Ke4 Kf7 63. Kf3 Kg8 64. Ke4 Kh7 65. Kf3 Ne7 66. Ke4 Nd5
67. Kf3 Kg8 68. Ke4 Kf7 69. Be1 Ke7 70. Bd2 Kd8 71. Be1 Kc7 72. Bg3+ Kd7 73.
Be1 Ne7 74. Bg3 Nd5 75. Be1 Ne7 76. Bg3 Nd5 77. Be1 1/2-1/2

[Event "Doeberl Cup 2008"]
[Site "Canberra AUS"]
[Date "2008.03.20"]
[Round "1.5"]
[White "Moylan, Laura"]
[Black "Jones, Gawain C B"]
[Result "0-1"]
[WhiteElo "2092"]
[BlackElo "2562"]
[PlyCount "60"]
[EventDate "2008.03.20"]
[EventType "swiss"]
[EventRounds "9"]
[EventCountry "AUS"]
[Source "lmi"]
[SourceDate "2008.03.20"]

1. e4 c5 2. Nf3 g6 3. d4 cxd4 4. Nxd4 Nf6 5. Nc3 d6 6. Be3 Bg7 7. f3 O-O 8. Qd2
Nc6 9. O-O-O d5 10. Qe1 e5 11. Nxc6 bxc6 12. exd5 Nxd5 13. Bc4 Be6 14. Ne4 Qc7
15. Bxd5 cxd5 16. Nc5 Rfc8 17. Qf2 Qe7 18. Nxe6 Qxe6 19. Kb1 d4 20. Bc1 Rc5 21.
Rhe1 Ra5 22. b3 Qa6 23. Bb2 Rxa2 24. Qe2 d3 25. Rxd3 e4 26. Rc3 Rxb2+ 27. Kxb2
Qxe2 28. Rxe2 Rc8 29. Ree3 Rxc3 30. Rxc3 e3 0-1

[Event "Doeberl Cup 2008"]
[Site "Canberra AUS"]
[Date "2008.03.20"]
[Round "1.7"]
[White "Kempen, Leon"]
[Black "Antic, Dejan"]
[Result "0-1"]
[WhiteElo "2142"]
[BlackElo "2480"]
[PlyCount "96"]
[EventDate "2008.03.20"]
[EventType "swiss"]
[EventRounds "9"]
[EventCountry "AUS"]
[Source "lmi"]
[SourceDate "2008.03.20"]

1. Nf3 c5 2. e4 Nf6 3. e5 Nd5 4. Nc3 e6 5. Nxd5 exd5 6. d4 Nc6 7. dxc5 Bxc5 8.
Be2 d6 9. exd6 Qxd6 10. O-O O-O 11. a3 a5 12. Bg5 h6 13. Bd2 Bf5 14. Qc1 Rfe8
15. Re1 Qf6 16. Bf4 Rac8 17. Bg3 Be4 18. c3 d4 19. Qf4 Qxf4 20. Bxf4 dxc3 21.
bxc3 g5 22. Be3 Bxe3 23. fxe3 Bxf3 24. Bxf3 Ne5 25. Bxb7 Rxc3 26. e4 Rb8 27.
Reb1 Kg7 28. a4 Rc2 29. Rb5 Ng4 30. Rab1 Ne3 31. e5 Rd8 32. Rxa5 Rdd2 33. Ra7
Nxg2 34. Be4 Rc4 35. Bf3 Nf4 36. e6 Nxe6 37. Bh5 Rf4 38. Rf1 Rxf1+ 39. Kxf1 Nf4
40. Bxf7 Rxh2 41. Be8+ Kf6 42. Rf7+ Ke5 43. Kg1 Ra2 44. Re7+ Kd4 45. Rh7 g4 46.
Rxh6 g3 47. Rd6+ Ke5 48. Rd1 Nh3+ 0-1

[Event "Doeberl Cup 2008"]
[Site "Canberra AUS"]
[Date "2008.03.20"]
[Round "1.8"]
[White "Johansen, Darryl K"]
[Black "Suttor, Vincent"]
[Result "1-0"]
[WhiteElo "2475"]
[BlackElo "2139"]
[PlyCount "69"]
[EventDate "2008.03.20"]
[EventType "swiss"]
[EventRounds "9"]
[EventCountry "AUS"]
[Source "lmi"]
[SourceDate "2008.03.20"]

1. c4 e5 2. e3 Nc6 3. Nc3 g6 4. g3 Bg7 5. Bg2 d6 6. Nge2 Nf6 7. d3 O-O 8. O-O
Be6 9. Nd5 Qd7 10. Nec3 Bh3 11. Nxf6+ Bxf6 12. Nd5 Bd8 13. d4 f6 14. b3 Bxg2
15. Kxg2 Ne7 16. dxe5 fxe5 17. Nxe7+ Bxe7 18. Qd5+ Kg7 19. Qxb7 Rab8 20. Qe4 a5
21. Bd2 a4 22. b4 c6 23. Bc3 Bf6 24. Rad1 Rfd8 25. Qd3 d5 26. e4 d4 27. Bd2 c5
28. a3 h5 29. h4 Rf8 30. f3 Be7 31. Rb1 Rf7 32. bxc5 Rc8 33. Rb5 Rxc5 34. Rfb1
Qc6 35. R1b4 1-0

[Event "Doeberl Cup 2008"]
[Site "Canberra AUS"]
[Date "2008.03.20"]
[Round "1.10"]
[White "Smerdon, David"]
[Black "Broekhuyse, Paul"]
[Result "1-0"]
[WhiteElo "2459"]
[BlackElo "2130"]
[PlyCount "61"]
[EventDate "2008.03.20"]
[EventType "swiss"]
[EventRounds "9"]
[EventCountry "AUS"]
[Source "lmi"]
[SourceDate "2008.03.20"]

1. e4 c6 2. c4 d5 3. cxd5 cxd5 4. exd5 Nf6 5. Bb5+ Nbd7 6. Nc3 g6 7. d4 Bg7 8.
d6 exd6 9. Qe2+ Qe7 10. Bf4 d5 11. Bd6 Qxe2+ 12. Ngxe2 a6 13. Bxd7+ Bxd7 14.
Nf4 Bc6 15. O-O O-O-O 16. Be5 Ne8 17. Nd3 f6 18. Bg3 Nd6 19. Nb4 Nf5 20. Rfd1
Nxg3 21. hxg3 Rhe8 22. Rac1 Bf8 23. Ncxd5 Re2 24. Nxc6 bxc6 25. Nf4 Rxb2 26.
Ne6 Re8 27. Rxc6+ Kd7 28. d5 Rxa2 29. Rb1 Rxe6 30. Rb7+ Kd8 31. dxe6 1-0

[Event "Doeberl Cup 2008"]
[Site "Canberra AUS"]
[Date "2008.03.20"]
[Round "1.11"]
[White "Hu, Jason"]
[Black "Li, Ruofan"]
[Result "0-1"]
[WhiteElo "2120"]
[BlackElo "2425"]
[PlyCount "140"]
[EventDate "2008.03.20"]
[EventType "swiss"]
[EventRounds "9"]
[EventCountry "AUS"]
[Source "lmi"]
[SourceDate "2008.03.20"]

1. d4 Nf6 2. Nf3 e6 3. Bf4 c5 4. e3 Nc6 5. c3 b6 6. Nbd2 Be7 7. Bd3 O-O 8. Qe2
d6 9. h3 cxd4 10. exd4 Bb7 11. O-O Re8 12. Rfe1 Bf8 13. Bg5 h6 14. Bh4 Be7 15.
Rad1 a6 16. Bb1 Nh5 17. Bxe7 Nxe7 18. Qd3 Ng6 19. Qe3 Nhf4 20. g3 Nd5 21. Qe2
Nf8 22. Be4 b5 23. a3 Nd7 24. Nh2 N7f6 25. Bg2 Qd7 26. Ng4 Nxg4 27. Qxg4 a5 28.
Qe4 Rab8 29. Qd3 Rec8 30. Rc1 Nb6 31. Bxb7 Rxb7 32. Re2 Nc4 33. Nxc4 bxc4 34.
Qe4 Rb5 35. Kh2 Rcb8 36. Rcc2 Qc7 37. Rcd2 R8b7 38. a4 Rd5 39. f4 Qd7 40. g4
Qxa4 41. f5 Qd7 42. fxe6 fxe6 43. Qxe6+ Qxe6 44. Rxe6 Rdb5 45. Ree2 Kf7 46. Kg3
a4 47. Rf2+ Ke6 48. Rde2+ Kd7 49. Rf7+ Kc6 50. Rxb7 Rxb7 51. h4 Kd5 52. g5 hxg5
53. h5 Rb3 54. Rc2 Ke4 55. Kg4 Rb5 56. Rf2 Ke3 57. Rf7 Rxb2 58. Rxg7 Rg2+ 59.
Kh3 Rg1 60. Ra7 Kd3 61. Rxa4 Kxc3 62. d5 Kd4 63. Ra2 c3 64. h6 Rf1 65. h7 Rf8
66. Kg4 Rh8 67. Rh2 Kd3 68. Rh3+ Kc4 69. Kxg5 c2 70. Rh1 Rxh7 0-1

[Event "Doeberl Cup 2008"]
[Site "Canberra AUS"]
[Date "2008.03.20"]
[Round "1.12"]
[White "Bitansky, Igor"]
[Black "Nguyen, Thu Giang"]
[Result "1-0"]
[WhiteElo "2424"]
[BlackElo "2106"]
[PlyCount "141"]
[EventDate "2008.03.20"]
[EventType "swiss"]
[EventRounds "9"]
[EventCountry "AUS"]
[Source "lmi"]
[SourceDate "2008.03.20"]

1. Nf3 Nf6 2. g3 g6 3. Bg2 Bg7 4. O-O O-O 5. d3 d6 6. c4 e5 7. Nc3 Nbd7 8. Rb1
a5 9. a3 Re8 10. Nd2 c6 11. b4 axb4 12. axb4 Nb6 13. b5 d5 14. bxc6 bxc6 15.
Qb3 Ra6 16. Na2 Nbd7 17. Nb4 Rb6 18. Qa2 Bf8 19. Ba3 Bb7 20. Nc2 Ba8 21. Bxf8
Rxf8 22. cxd5 cxd5 23. Ne3 d4 24. Nd5 Rd6 25. Nxf6+ Nxf6 26. Nc4 Re6 27. Bxa8
Qxa8 28. Qxa8 Rxa8 29. f3 Ra2 30. Rb2 Rxb2 31. Nxb2 Nd5 32. Nc4 Nc3 33. Re1 f6
34. g4 Kf7 35. Kf2 Ra6 36. g5 Ra2 37. gxf6 Kxf6 38. Nd6 Rc2 39. h4 h6 40. Ne4+
Kf5 41. Ng3+ Kf4 42. Ra1 Ra2 43. Rg1 Rd2 44. Rh1 Ra2 45. Re1 Rd2 46. Nf1 Ra2
47. Nh2 Rd2 48. Ng4 e4 49. dxe4 d3 50. Nf6 Nd1+ 51. Kf1 Ne3+ 52. Kf2 Nc2 53.
Nd5+ Ke5 54. Ne3 Kd4 55. Nf1 Rxe2+ 56. Rxe2 dxe2 57. Kxe2 g5 58. h5 Ke5 59. Ne3
Nd4+ 60. Kf2 Kf4 61. Nd5+ Ke5 62. Ne3 Kf4 63. Nd5+ Ke5 64. Kg3 Ne6 65. Kg2 Nd8
66. Ne7 Nf7 67. Nf5 Kf6 68. Kh3 Ke5 69. Kg3 Kf6 70. Kg4 Ke5 71. Nxh6 1-0

[Event "Doeberl Cup 2008"]
[Site "Canberra AUS"]
[Date "2008.03.20"]
[Round "1.13"]
[White "Bennett, Hilton"]
[Black "Lane, Gary W"]
[Result "0-1"]
[WhiteElo "2094"]
[BlackElo "2412"]
[PlyCount "66"]
[EventDate "2008.03.20"]
[EventType "swiss"]
[EventRounds "9"]
[EventCountry "AUS"]
[Source "lmi"]
[SourceDate "2008.03.20"]

1. e4 e5 2. Nc3 Nf6 3. g3 d5 4. exd5 Nxd5 5. Bg2 Nxc3 6. bxc3 Nc6 7. Qe2 Be7 8.
Nf3 O-O 9. O-O Bd6 10. d3 Bg4 11. h3 Bh5 12. Qe4 Bg6 13. Qc4 Na5 14. Qa4 c6 15.
c4 f6 16. Bd2 Bc7 17. Nh4 Bf7 18. Rab1 Rb8 19. Bxa5 Bxa5 20. Bxc6 Bb6 21. Bg2
Be6 22. Qb5 g5 23. Nf3 e4 24. dxe4 Qc7 25. c5 Bxc5 26. Kh2 Bb6 27. Rb4 Bc5 28.
Rbb1 a6 29. Qa4 b5 30. Qxa6 Bc4 31. Nxg5 fxg5 32. f4 gxf4 33. Rxf4 Rxf4 0-1

[Event "Doeberl Cup 2008"]
[Site "Canberra AUS"]
[Date "2008.03.20"]
[Round "1.15"]
[White "Kizov, Atanas"]
[Black "Canfell, Mike J"]
[Result "1-0"]
[WhiteElo "2398"]
[BlackElo "1941"]
[PlyCount "71"]
[EventDate "2008.03.20"]
[EventType "swiss"]
[EventRounds "9"]
[EventCountry "AUS"]
[Source "lmi"]
[SourceDate "2008.03.20"]

1. d4 Nf6 2. c4 g6 3. Nc3 Bg7 4. e4 d6 5. h3 O-O 6. Bg5 c5 7. d5 e6 8. Bd3 exd5
9. cxd5 Qa5 10. Bd2 Qc7 11. Nf3 a6 12. O-O b5 13. Rc1 Re8 14. b4 c4 15. Bb1
Nbd7 16. Re1 Bb7 17. Be3 Ne5 18. Nd4 Rad8 19. f4 Ned7 20. Qd2 Nb6 21. Nf3 Re7
22. Bd4 Rde8 23. Rcd1 Qd8 24. Qf2 Nfd7 25. Bxg7 Kxg7 26. Qd4+ f6 27. Re2 Kf7
28. g4 h6 29. Rde1 Qc7 30. Qd2 Nc8 31. Nd4 Nf8 32. h4 Qd7 33. f5 Kg7 34. fxg6
Qxg4+ 35. Rg2 Qxh4 36. Nf5+ 1-0

[Event "Doeberl Cup 2008"]
[Site "Canberra AUS"]
[Date "2008.03.20"]
[Round "1.17"]
[White "Wang, Puchen"]
[Black "Flitney, Adrian"]
[Result "1-0"]
[WhiteElo "2383"]
[BlackElo "2002"]
[PlyCount "75"]
[EventDate "2008.03.20"]
[EventType "swiss"]
[EventRounds "9"]
[EventCountry "AUS"]
[Source "lmi"]
[SourceDate "2008.03.20"]

1. d4 g6 2. c4 c5 3. d5 Bg7 4. Nc3 Bxc3+ 5. bxc3 f5 6. g3 Nf6 7. Bg2 Qa5 8. Qc2
d6 9. Nf3 Nbd7 10. O-O Ne4 11. Ng5 Nxg5 12. Bxg5 h6 13. Bf4 g5 14. Bc1 Nb6 15.
e4 Rf8 16. Qe2 Qxc3 17. Bb2 Qxc4 18. Qh5+ Rf7 19. Qxh6 fxe4 20. Qh8+ Rf8 21.
Qh5+ Rf7 22. Rae1 Bf5 23. g4 Bh7 24. Bg7 Bg8 25. Rxe4 Qxa2 26. Qxg5 O-O-O 27.
Re3 Nc4 28. Rxe7 Rxe7 29. Qxe7 Rd7 30. Qf8+ Rd8 31. Qf5+ Kb8 32. h4 b5 33. h5
b4 34. h6 Qe2 35. Bf3 Qa2 36. Ra1 Qb3 37. Bg2 Nd2 38. Qg5 1-0

[Event "Doeberl Cup 2008"]
[Site "Canberra AUS"]
[Date "2008.03.20"]
[Round "1.18"]
[White "Schon, Eugene"]
[Black "Mas, Hafizulhelmi"]
[Result "0-1"]
[WhiteElo "2002"]
[BlackElo "2382"]
[PlyCount "86"]
[EventDate "2008.03.20"]
[EventType "swiss"]
[EventRounds "9"]
[EventCountry "AUS"]
[Source "lmi"]
[SourceDate "2008.03.20"]

1. e4 c5 2. Nf3 d6 3. Bb5+ Nd7 4. d4 Ngf6 5. Nc3 cxd4 6. Qxd4 e5 7. Qd3 h6 8.
Bxd7+ Bxd7 9. O-O Rc8 10. Be3 a6 11. a4 Be6 12. Rfe1 Qa5 13. Bd2 Qc7 14. a5 Bc4
15. Qe3 Ng4 16. Qb6 Qxb6 17. axb6 Be7 18. Rac1 Bd8 19. b3 Bxb6 20. bxc4 Bxf2+
21. Kf1 Bxe1 22. Kxe1 Rxc4 23. Rb1 b5 24. Ra1 b4 25. Nd5 Rxe4+ 26. Kd1 Kd7 27.
Rxa6 Rb8 28. Ra4 Nf2+ 29. Kc1 b3 30. Rxe4 Nxe4 31. c3 Kc6 32. Nb4+ Kb5 33. Kb2
Kc4 34. Be1 f6 35. Nh4 g6 36. Nxg6 Nc5 37. Ne7 Rxb4 38. cxb4 Nd3+ 39. Ka3 Nxe1
40. b5 Kxb5 41. Kxb3 Nxg2 42. Nf5 Kc5 43. Nxh6 Nh4 0-1

[Event "Doeberl Cup 2008"]
[Site "Canberra AUS"]
[Date "2008.03.20"]
[Round "1.19"]
[White "Bjelobrk, Igor"]
[Black "Stojic, Svetozar"]
[Result "1/2-1/2"]
[WhiteElo "2381"]
[BlackElo "1995"]
[PlyCount "95"]
[EventDate "2008.03.20"]
[EventType "swiss"]
[EventRounds "9"]
[EventCountry "AUS"]
[Source "lmi"]
[SourceDate "2008.03.20"]

1. f4 Nf6 2. Nf3 c5 3. g3 g6 4. Bg2 Bg7 5. O-O O-O 6. d3 Nc6 7. Nc3 Rb8 8. a4
a6 9. Nh4 Qc7 10. f5 b5 11. axb5 axb5 12. Bg5 d6 13. Qd2 Nd4 14. g4 b4 15. Nd5
Nxd5 16. Bxd5 Bb7 17. Ra7 e6 18. Bxb7 exf5 19. gxf5 Rxb7 20. Rxb7 Qxb7 21. f6
Re8 22. fxg7 Rxe2 23. Qf4 Rg2+ 24. Nxg2 Ne2+ 25. Kh1 Nxf4 26. Rxf4 Kxg7 27.
Bf6+ Kg8 28. h4 h6 29. Kh2 d5 30. Ne3 Kh7 31. Kg3 Qc6 32. Ng4 Qe6 33. Kf2 c4
34. d4 h5 35. Ne5 Qh3 36. Nf3 Qh1 37. Ne1 Qh2+ 38. Ng2 Qh1 39. Kg3 Qc1 40. Rf2
Qxb2 41. Re2 b3 42. Re8 Qc3+ 43. Kh2 g5 44. hxg5 Qxc2 45. Kg3 Qd3+ 46. Kf4 Qd2+
47. Kf3 Qd1+ 48. Kf2 1/2-1/2

[Event "Doeberl Cup 2008"]
[Site "Canberra AUS"]
[Date "2008.03.20"]
[Round "1.20"]
[White "Muller, Jonas"]
[Black "Ambrus, Endre"]
[Result "0-1"]
[WhiteElo "1993"]
[BlackElo "2378"]
[PlyCount "58"]
[EventDate "2008.03.20"]
[EventType "swiss"]
[EventRounds "9"]
[EventCountry "AUS"]
[Source "lmi"]
[SourceDate "2008.03.20"]

1. e4 Nc6 2. d4 d6 3. Nf3 Nf6 4. Nc3 Bg4 5. Be2 e5 6. d5 Nb8 7. O-O Be7 8. Be3
O-O 9. Nd2 Bd7 10. a4 c6 11. Nc4 cxd5 12. exd5 Na6 13. Nxe5 dxe5 14. Bxa6 bxa6
15. d6 Ng4 16. dxe7 Qxe7 17. Nd5 Qh4 18. h3 Nxe3 19. Nxe3 Be6 20. Qe2 f5 21. b3
f4 22. Ng4 f3 23. Qxe5 Bxg4 24. hxg4 Qxg4 25. Qg3 Qe4 26. c4 Rae8 27. Qd6 Re6
28. Qc7 fxg2 29. Rfe1 Qh4 0-1

[Event "Doeberl Cup 2008"]
[Site "Canberra AUS"]
[Date "2008.03.20"]
[Round "1.22"]
[White "West, Guy"]
[Black "Rout, Ian C"]
[Result "1-0"]
[WhiteElo "2344"]
[BlackElo "1990"]
[PlyCount "63"]
[EventDate "2008.03.20"]
[EventType "swiss"]
[EventRounds "9"]
[EventCountry "AUS"]
[Source "lmi"]
[SourceDate "2008.03.20"]

1. e4 e5 2. Bc4 Nf6 3. d3 Nc6 4. Nf3 Be7 5. Nc3 d6 6. Ng5 O-O 7. a3 h6 8. h4
Nd4 9. Ne2 d5 10. Ba2 dxe4 11. Nxe4 Bg4 12. N4g3 Bc5 13. Be3 Nxe2 14. Nxe2 Bxe3
15. fxe3 Qd6 16. Qd2 Rfd8 17. Nc3 a6 18. e4 b5 19. O-O Be6 20. Bxe6 Qxe6 21.
Rf3 c6 22. Raf1 Qe7 23. Rxf6 gxf6 24. Qxh6 Qf8 25. Qxf6 Rd6 26. Qxe5 Re8 27.
Qf4 Rg6 28. e5 Qg7 29. Ne4 Rxg2+ 30. Kh1 Kf8 31. Nf6 Re7 32. Qd4 1-0

[Event "Doeberl Cup 2008"]
[Site "Canberra AUS"]
[Date "2008.03.20"]
[Round "1.23"]
[White "Metz, Hartmut"]
[Black "Davis, Tony"]
[Result "1-0"]
[WhiteElo "2335"]
[BlackElo "1975"]
[PlyCount "59"]
[EventDate "2008.03.20"]
[EventType "swiss"]
[EventRounds "9"]
[EventCountry "AUS"]
[Source "lmi"]
[SourceDate "2008.03.20"]

1. e4 e6 2. d4 d5 3. Nc3 Bb4 4. e5 c5 5. a3 Bxc3+ 6. bxc3 Qc7 7. Qg4 f5 8. Qh5+
g6 9. Qd1 b6 10. Bb5+ Nd7 11. Nf3 a6 12. Be2 Bb7 13. a4 Rc8 14. Ra2 Nb8 15. Be3
Nc6 16. dxc5 bxc5 17. Bxc5 Nxe5 18. Bd4 Nxf3+ 19. Bxf3 e5 20. Qe2 Kf7 21. Bxe5
Qb6 22. O-O Nf6 23. Qd2 Rhd8 24. Bd4 Qc7 25. Rb2 Rd7 26. Qg5 Ne8 27. h4 Qd8 28.
Qh6 Kg8 29. h5 Qh4 30. Rxb7 1-0

[Event "Doeberl Cup 2008"]
[Site "Canberra AUS"]
[Date "2008.03.20"]
[Round "1.24"]
[White "Rej, Tomek"]
[Black "Holland, Dennis"]
[Result "1-0"]
[WhiteElo "2283"]
[BlackElo "1960"]
[PlyCount "133"]
[EventDate "2008.03.20"]
[EventType "swiss"]
[EventRounds "9"]
[EventCountry "AUS"]
[Source "lmi"]
[SourceDate "2008.03.20"]

1. d4 d5 2. c4 e6 3. Nc3 Nf6 4. cxd5 exd5 5. Bg5 Be7 6. e3 c6 7. Bd3 Nbd7 8.
Nge2 O-O 9. Qc2 Re8 10. O-O Ne4 11. Bxe4 dxe4 12. Bf4 Bg5 13. Nxe4 Bxf4 14.
Nxf4 Qe7 15. Ng3 Nf6 16. e4 Qb4 17. Rad1 Be6 18. e5 Nd5 19. a3 Qb6 20. Nxe6
Rxe6 21. Qd2 f6 22. exf6 Nxf6 23. Nf5 Qc7 24. Qc2 Qf4 25. Ne3 Rae8 26. Qb3 b6
27. d5 cxd5 28. Nxd5 Qe5 29. f4 Qf5 30. Nxf6+ gxf6 31. Rd5 Qe4 32. Rd7 Qe3+ 33.
Qxe3 Rxe3 34. Rfd1 Re2 35. R1d2 Rxd2 36. Rxd2 Re7 37. Kf2 Kf7 38. f5 Rc7 39.
Kf3 Ke7 40. Re2+ Kf7 41. Ke4 Rc5 42. g4 Rc4+ 43. Kf3 Rc5 44. h3 h5 45. Re3
hxg4+ 46. hxg4 Rc2 47. Rc3 Rxb2 48. Rc7+ Ke8 49. Rxa7 b5 50. Ke4 b4 51. axb4
Rxb4+ 52. Kd5 Rxg4 53. Ke6 Re4+ 54. Kxf6 Re1 55. Ra8+ Kd7 56. Kf7 Rh1 57. f6
Rg1 58. Kf8 Ke6 59. Ra6+ Kd7 60. f7 Rg5 61. Ra1 Rg2 62. Rd1+ Kc7 63. Rd4 Rg1
64. Ke7 Re1+ 65. Kf6 Rf1+ 66. Ke6 Re1+ 67. Kf5 1-0

[Event "Doeberl Cup 2008"]
[Site "Canberra AUS"]
[Date "2008.03.20"]
[Round "1.26"]
[White "Kresovic, Velimir"]
[Black "Selnes, Hamish"]
[Result "1/2-1/2"]
[WhiteElo "2245"]
[BlackElo "1957"]
[PlyCount "96"]
[EventDate "2008.03.20"]
[EventType "swiss"]
[EventRounds "9"]
[EventCountry "AUS"]
[Source "lmi"]
[SourceDate "2008.03.20"]

1. e4 Nf6 2. e5 Nd5 3. d4 d6 4. Nf3 dxe5 5. Nxe5 c6 6. Bc4 Nd7 7. O-O g6 8. Nc3
N7f6 9. Re1 Bg7 10. Bg5 Be6 11. Qd2 O-O 12. Bh6 Nxc3 13. Bxg7 Kxg7 14. Qxc3
Bxc4 15. Nxc4 e6 16. Rad1 Qc7 17. Ne5 Rac8 18. a3 c5 19. dxc5 Qxc5 20. Qxc5
Rxc5 21. c4 Rcc8 22. Rd4 Rfd8 23. Red1 Rxd4 24. Rxd4 b5 25. Kf1 bxc4 26. Rxc4
Rxc4 27. Nxc4 Nd5 28. Ke2 f5 29. g3 g5 30. Kd3 Kf6 31. Kd4 h5 32. b4 h4 33. Ne3
Nb6 34. f4 hxg3 35. hxg3 Nd7 36. a4 e5+ 37. fxe5+ Nxe5 38. b5 f4 39. gxf4 gxf4
40. Nf1 Ke6 41. a5 Kd6 42. Nd2 f3 43. Ne4+ Ke6 44. a6 Nd7 45. Ng5+ Kd6 46. Nxf3
Kc7 47. Kc4 Kb6 48. Kb4 Nb8 1/2-1/2

[Event "Doeberl Cup 2008"]
[Site "Canberra AUS"]
[Date "2008.03.20"]
[Round "1.27"]
[White "Chung, Francisco"]
[Black "Steadman, Michael"]
[Result "0-1"]
[WhiteElo "1942"]
[BlackElo "2238"]
[PlyCount "40"]
[EventDate "2008.03.20"]
[EventType "swiss"]
[EventRounds "9"]
[EventCountry "AUS"]
[Source "lmi"]
[SourceDate "2008.03.20"]

1. c4 e6 2. g3 f5 3. Bg2 Nf6 4. e3 c6 5. Ne2 d5 6. Qc2 Bd6 7. d4 O-O 8. c5 Bc7
9. f4 b6 10. b4 a5 11. cxb6 Bxb6 12. bxa5 Bxa5+ 13. Bd2 Ba6 14. Nbc3 Nbd7 15.
Bf3 c5 16. Kf2 Rc8 17. Qb2 Nb6 18. a4 Nc4 19. Qa2 Nxd2 20. Qxd2 Bxe2 0-1

[Event "Doeberl Cup 2008"]
[Site "Canberra AUS"]
[Date "2008.03.20"]
[Round "1.30"]
[White "Zulfic, Fedja"]
[Black "Wright, Neil"]
[Result "0-1"]
[WhiteElo "1933"]
[BlackElo "2207"]
[PlyCount "117"]
[EventDate "2008.03.20"]
[EventType "swiss"]
[EventRounds "9"]
[EventCountry "AUS"]
[Source "lmi"]
[SourceDate "2008.03.20"]

1. d4 g6 2. c4 Bg7 3. Nc3 d6 4. Nf3 Nd7 5. e4 e5 6. d5 Ne7 7. Be3 O-O 8. Nd2 f5
9. f3 Nf6 10. Be2 Nh5 11. O-O Nf4 12. b4 Bh6 13. Bf2 Kh8 14. c5 Ng8 15. Nc4 Qg5
16. g3 Nh3+ 17. Kg2 b5 18. cxb6 Nxf2 19. Rxf2 axb6 20. a4 f4 21. g4 Bg7 22. Qh1
Qh4 23. h3 Bb7 24. Nb5 Bxd5 25. Nxc7 Bxc4 26. Bxc4 Rac8 27. Bxg8 Rxc7 28. Bd5
Qg3+ 29. Kf1 Rfc8 30. Qg2 Rc1+ 31. Rxc1 Rxc1+ 32. Ke2 Bh6 33. Kd3 Rg1 34. Qh2
Ra1 35. Kc4 Rxa4 36. Kb5 Ra3 37. Kxb6 Qh4 38. Rc2 Qd8+ 39. Rc7 Bg5 40. Bb7 Rc3
41. Bc6 Qb8+ 42. Rb7 Qc8 43. Bd5 Rc2 44. Qg1 Bh4 45. Qb1 Bf2+ 46. Ka5 Qa8+ 47.
Kb5 Qe8+ 48. Ka5 Rc8 49. b5 Bd4 50. Bc6 Qg8 51. Kb4 Ra8 52. Bd5 Qc8 53. Bc6 d5
54. exd5 Qf8+ 55. Kc4 Ra4+ 56. Kd3 Qa3+ 57. Kc2 Rc4+ 58. Kd2 Qe3+ 59. Kd1 0-1

[Event "Doeberl Cup 2008"]
[Site "Canberra AUS"]
[Date "2008.03.20"]
[Round "1.32"]
[White "Mitchell, Robert"]
[Black "Skiotis, Pano"]
[Result "0-1"]
[WhiteElo "1904"]
[BlackElo "2174"]
[PlyCount "70"]
[EventDate "2008.03.20"]
[EventType "swiss"]
[EventRounds "9"]
[EventCountry "AUS"]
[Source "lmi"]
[SourceDate "2008.03.20"]

1. d4 Nf6 2. c4 g6 3. g3 Bg7 4. Bg2 O-O 5. Nf3 d6 6. O-O Nc6 7. h3 e5 8. d5 Ne7
9. Nc3 Ne8 10. e4 h6 11. Nd2 f5 12. f4 exf4 13. Rxf4 Nf6 14. exf5 Nxf5 15. Nf1
g5 16. Rf2 Nd7 17. Kh2 Ne5 18. g4 Nh4 19. Rxf8+ Qxf8 20. Be3 Nxc4 21. Bd4 Qf4+
22. Ng3 Bxd4 23. Nce2 Qf2 24. Qf1 Qxf1 25. Rxf1 Bxb2 26. Be4 Be5 27. Rc1 b5 28.
Bd3 Bb7 29. Be4 Rf8 30. Kg1 Nf3+ 31. Kh1 Nfd2 32. Bg2 Rf2 33. Rc2 Rxg2 34. Rxd2
Rxg3 35. Nxg3 Nxd2 0-1

[Event "Doeberl Cup 2008"]
[Site "Canberra AUS"]
[Date "2008.03.20"]
[Round "1.33"]
[White "Dowden, R. Anthony"]
[Black "Szuveges, Narelle"]
[Result "1-0"]
[WhiteElo "2170"]
[BlackElo "1867"]
[PlyCount "173"]
[EventDate "2008.03.20"]
[EventType "swiss"]
[EventRounds "9"]
[EventCountry "AUS"]
[Source "lmi"]
[SourceDate "2008.03.20"]

1. e4 c5 2. b3 d6 3. Bb2 Nf6 4. Nc3 e6 5. f4 a6 6. Nf3 Nc6 7. d3 Be7 8. Be2 b5
9. Qd2 Qb6 10. O-O O-O 11. Kh1 d5 12. e5 Nd7 13. Rae1 Rd8 14. f5 d4 15. fxe6
fxe6 16. Ne4 Ndxe5 17. Nxe5 Nxe5 18. Bh5 Bd7 19. Ng5 Rf8 20. Bc1 Bf6 21. Qe2
Bc6 22. Bf4 Bxg5 23. Bxg5 Qb7 24. Rxf8+ Rxf8 25. Qxe5 Bxg2+ 26. Kg1 Bh3 27. Qe4
Qc7 28. Bf3 Qf7 29. Kf2 Qh5 30. Rg1 h6 31. Ke2 Qf7 32. Bxh6 Bf5 33. Qe5 Bxd3+
34. Kd2 Bg6 35. Bh5 Qf2+ 36. Be2 Qf6 37. Qxf6 Rxf6 38. Bg5 Rf2 39. Ke1 Rf7 40.
Bd3 Bxd3 41. cxd3 Rf3 42. Rg3 Rf5 43. Bh6 Rf7 44. Ke2 Kf8 45. Bg5 Ke8 46. Rf3
Rc7 47. Bf4 Rc6 48. Be5 g6 49. h4 Ke7 50. Rf6 c4 51. dxc4 bxc4 52. bxc4 Rxc4
53. Kd3 Ra4 54. Rxg6 Rxa2 55. Rg7+ Kf8 56. Rh7 Ra1 57. Bxd4 Re1 58. Bc3 Rh1 59.
Ke4 Rh3 60. Bf6 a5 61. Ra7 a4 62. Kf4 Rh2 63. Rxa4 Kf7 64. Bg5 Kg6 65. Ra6 Re2
66. Ra5 Re1 67. Re5 Rf1+ 68. Kg3 Kf7 69. Re2 Rg1+ 70. Kf4 Rh1 71. Re3 Kg7 72.
Rxe6 Rh3 73. Re3 Rh1 74. Rg3 Kh7 75. Bf6 Rh2 76. Kf5 Rf2+ 77. Ke6 Ra2 78. Kf7
Ra7+ 79. Be7 Ra6 80. Rg5 Rh6 81. Rg7+ Kh8 82. Rg8+ Kh7 83. Rg7+ Kh8 84. Rg6 Rh5
85. Bf6+ Kh7 86. Rg7+ Kh6 87. Rg8 1-0